| 000 | 01309nam a2200313Ia 4500 | ||
|---|---|---|---|
| 001 | ebr10141917 | ||
| 003 | CaPaEBR | ||
| 006 | m u | ||
| 007 | cr cn||||||||| | ||
| 008 | 910716s1990 quc sb 001 0 eng d | ||
| 010 | _z 91172089 | ||
| 020 | _z0773507566 (alk. paper) | ||
| 040 |
_aCaPaEBR _cCaPaEBR |
||
| 035 | _a(OCoLC)243574814 | ||
| 050 | 1 | 4 |
_aB525 _b.G66 1990eb |
| 100 | 1 |
_aGroarke, Leo, _d1953- |
|
| 245 | 1 | 0 |
_aGreek scepticism _h[electronic resource] : _banti-realist trends in ancient thought / _cLeo Groarke. |
| 260 |
_aMontreal ; _aBuffalo : _bMcGill-Queen's University Press, _cc1990. |
||
| 300 | _axv, 176 p. | ||
| 490 | 1 |
_aMcGill-Queen's studies in the history of ideas ; _v14 |
|
| 504 | _aIncludes bibliographical references (p. [157]-164) and indexes. | ||
| 533 |
_aElectronic reproduction. _bPalo Alto, Calif. : _cebrary, _d2009. _nAvailable via World Wide Web. _nAccess may be limited to ebrary affiliated libraries. |
||
| 650 | 0 | _aSkeptics (Greek philosophy) | |
| 650 | 0 | _aPhilosophy, Ancient. | |
| 655 | 7 |
_aElectronic books. _2local |
|
| 710 | 2 | _aebrary, Inc. | |
| 830 | 0 |
_aMcGill-Queen's studies in the history of ideas ; _v14. |
|
| 856 | 4 | 0 |
_uhttp://site.ebrary.com/lib/rucke/Doc?id=10141917 _zAn electronic book accessible through the World Wide Web; click to view |
| 999 |
_c90074 _d90074 |
||